00333nam a2200133 a 450008200130000010000130001324500320002626000090005830000090006750000350007650500410011165000340015270000130018600a027bMUJ aMujlis,  aFihsrist Kitab Khana Majlis c1923 a364p aincludes index and biblioraphy2 a12 Volumes in Bounded in Six Volumes aManuscripts-Library-Catalogue1 aMujlis,